Exhibitions (notice n° 2081696)
[ vue normale ]
| 000 -LEADER | |
|---|---|
| fixed length control field | 00648cam a2200169 4500500 |
| 005 - DATE AND TIME OF LATEST TRANSACTION | |
| control field | 20260405005201.0 |
| 041 ## - LANGUAGE CODE | |
| Language code of text/sound track or separate title | fre |
| 042 ## - AUTHENTICATION CODE | |
| Authentication code | dc |
| 100 10 - MAIN ENTRY--PERSONAL NAME | |
| Personal name | Ferrari, Jérôme |
| Relator term | author |
| 245 00 - TITLE STATEMENT | |
| Title | Exhibitions |
| 260 ## - PUBLICATION, DISTRIBUTION, ETC. | |
| Date of publication, distribution, etc. | 2018.<br/> |
| 500 ## - GENERAL NOTE | |
| General note | 92 |
| 520 ## - SUMMARY, ETC. | |
| Summary, etc. | In this first Caravaggio exhibition in Paris since 1965, ten masterpieces by this painter with an inflammatory reputation interact with contemporaries from his Roman period. |
| 700 10 - ADDED ENTRY--PERSONAL NAME | |
| Personal name | Rose, Sean |
| Relator term | author |
| 786 0# - DATA SOURCE ENTRY | |
| Note | Études | ovember | 11 | 2018-10-15 | p. 103-107 | 0014-1941 |
| 856 41 - ELECTRONIC LOCATION AND ACCESS | |
| Uniform Resource Identifier | <a href="https://shs.cairn.info/journal-etudes-2018-11-page-103?lang=en&redirect-ssocas=7080">https://shs.cairn.info/journal-etudes-2018-11-page-103?lang=en&redirect-ssocas=7080</a> |
Pas d'exemplaire disponible.




Réseaux sociaux